Duke Basketball: Leading Scorer Every Year - Statistics

General Stats
  • This quiz has been taken 427 times
    197 since last reset
  • The average score is 20 of 76
Answer Stats
Year Player Average % Correct
2018-2019 R.J. Barrett / Zion Williamson 22.6
89%
2021-2022 Paolo Banchero 17.2
71%
2000-2001 Jay Williams 21.6
70%
2001-2002 Jay Williams 21.3
70%
2022-2023 Kyle Filipowski 15.1
68%
2023-2024 Kyle Filipowski 16.4
68%
2003-2004 J.J. Redick 15.9
65%
2004-2005 J.J. Redick 21.8
65%
2005-2006 J.J. Redick 26.8
65%
2015-2016 Grayson Allen 21.6
64%
1990-1991 Christian Laettner 19.8
62%
1991-1992 Christian Laettner 21.5
62%
1992-1993 Grant Hill 18.0
57%
1993-1994 Grant Hill 17.4
57%
2002-2003 Dahntay Jones 17.7
54%
2014-2015 Jahlil Okafor 17.3
54%
2017-2018 Marvin Bagley III 21.0
49%
2009-2010 Jon Scheyer 18.2
41%
1999-2000 Shane Battier 17.4
41%
2010-2011 Nolan Smith 20.6
40%
2008-2009 Gerald Henderson / Kyle Singler 16.5
37%
2013-2014 Jabari Parker 19.1
36%
2019-2020 Vernon Carey Jr. 17.8
36%
2016-2017 Luke Kennard 19.5
34%
2020-2021 Matthew Hurt 18.3
33%
1998-1999 Elton Brand 17.7
32%
1959-1960 Howard Hurt / Carroll Youngkin 13.4
30%
1982-1983 Johnny Dawkins 18.1
29%
1983-1984 Johnny Dawkins 19.4
29%
1984-1985 Johnny Dawkins 18.8
29%
1985-1986 Johnny Dawkins 20.2
29%
2011-2012 Austin Rivers 15.5
28%
2012-2013 Seth Curry 17.5
27%
1986-1987 Danny Ferry 14.0
25%
1987-1988 Danny Ferry 19.1
25%
1988-1989 Danny Ferry 22.6
25%
1989-1990 Phil Henderson 18.5
20%
1994-1995 Cherokee Parks 19.0
14%
1978-1979 Mike Gminski 18.8
14%
1979-1980 Mike Gminski 21.3
14%
1949-1950 Dick Groat 14.5
13%
1950-1951 Dick Groat 25.2
13%
1951-1952 Dick Groat 26.0
13%
1996-1997 Trajan Langdon 14.3
13%
1960-1961 Art Heyman 25.2
12%
1961-1962 Art Heyman 25.3
12%
1962-1963 Art Heyman 24.9
12%
1980-1981 Gene Banks 18.5
11%
1995-1996 Jeff Capel 16.6
11%
1963-1964 Jeff Mullins 24.2
10%
2006-2007 DeMarcus Nelson 14.1
9%
2007-2008 DeMarcus Nelson 14.5
9%
1964-1965 Bob Verga 21.4
6%
1966-1967 Bob Verga 26.1
6%
1977-1978 Jim Spanarkel 20.8
6%
1981-1982 Vince Taylor 20.3
5%
1958-1959 Carroll Youngkin 16.0
4%
1965-1966 Jack Marin 18.6
4%
1967-1968 Mike Lewis 21.7
4%
1997-1998 Roshown McLeod 15.3
4%
1952-1953 Bernie Janicki 16.8
3%
1953-1954 Bernie Janicki 13.5
3%
1973-1974 Bob Fleischer 15.7
3%
1974-1975 Bob Fleischer 17.2
3%
1972-1973 Chris Redding 16.9
3%
1948-1949 Corren Youmans 11.5
3%
1956-1957 Jim Newcome 14.9
3%
1957-1958 Jim Newcome 13.2
3%
1968-1969 Randy Denton 17.4
3%
1969-1970 Randy Denton 21.5
3%
1970-1971 Randy Denton 20.4
3%
1971-1972 Richard O'Connor 15.5
3%
1954-1955 Ronnie Mayer 21.7
3%
1955-1956 Ronnie Mayer 22.1
3%
1975-1976 Tate Armstrong 24.2
3%
1976-1977 Tate Armstrong 22.7
3%
No matching quizzes found
Score Distribution
Percent of People with Each Score
Percentile by Number Answered
Your Score History
You have not taken this quiz since the last reset